Osobitný spôsob zdaňovania živnostníkov a samostatne hospodáriacich roľníkov v novom zákone

Pôvodná a nová úprava zdaňovania príjmov. Osobitný spôsob zdaňovania príjmov daňovníkov vykonávajúcich poľnohospodársku výrobu, lesné a vodné hospodárstvo. Osobitný spôsob zdaňovania príjmov daňovníkov prevádzkujúcich niektoré živnosti. Zoznam činností vykonávaných podľa zákona o živnostenskom podni...

Description complète

Enregistré dans:
Détails bibliographiques
Auteur principal: Faiglová, Svetlana
Format: Chapitre de livre
Langue:slovaque
Sujets:
Tags: Ajouter un tag
Pas de tags, Soyez le premier à ajouter un tag!

MARC

LEADER 00000naa a2200000 4500
001 r036779
005 20230926082102.3
041 0 |a slo 
044 |a SK 
245 1 0 |a Osobitný spôsob zdaňovania živnostníkov a samostatne hospodáriacich roľníkov v novom zákone  |c Svetlana Faiglová 
520 |a Pôvodná a nová úprava zdaňovania príjmov. Osobitný spôsob zdaňovania príjmov daňovníkov vykonávajúcich poľnohospodársku výrobu, lesné a vodné hospodárstvo. Osobitný spôsob zdaňovania príjmov daňovníkov prevádzkujúcich niektoré živnosti. Zoznam činností vykonávaných podľa zákona o živnostenskom podnikaní, príjmy z ktorých sa zdaňujú paušálnou daňou. 
610 2 0 |a živnostníci 
610 2 0 |a roľníci jednotlivo hospodáriaci 
610 2 0 |a príjmy 
610 2 0 |a zdaňovanie 
610 2 0 |a úpravy právne 
610 2 0 |a dane paušálne 
610 2 0 |a úľavy daňové 
610 2 0 |a živnosti 
100 1 |a Faiglová, Svetlana